Central Library OPAC University of Rajshahi

Mathematics for actuarial students / (Record no. 51030)

MARC details
000 -LEADER
fixed length control field 00896nam a2200253 a 4500
001 - CONTROL NUMBER
control field 51030
003 - CONTROL NUMBER IDENTIFIER
rucl marc code BD-RJUL
005 - DATE AND TIME OF LATEST TRANSACTION
control field 20211209075612.0
008 - FIXED-LENGTH DATA ELEMENTS--GENERAL INFORMATION
fixed length control field 160829s1952 enka 001 0 eng c
035 ## - SYSTEM CONTROL NUMBER
System control number (BD-RJUL)51150
040 ## - CATALOGING SOURCE
Original cataloging agency Harvard Univ. Library
Transcribing agency GAT
Modifying agency SER
-- EQO
-- BD-RJUL
Language of cataloging eng
041 ## - LANGUAGE CODE
Language code of text/sound track or separate title eng
082 ## - DEWEY DECIMAL CLASSIFICATION NUMBER
Edition number 23
Classification number 519.5
Author mark and year FRM 1952
090 ## - LOCALLY ASSIGNED LC-TYPE CALL NUMBER (OCLC); LOCAL CALL NUMBER (OCLC)
Classification number (OCLC) (R) ; Classification number, CALL (RLIN) (NR) HG8782
Local cutter number (OCLC) ; Book number/undivided call number, CALL (RLIN) .F72
100 10 - MAIN ENTRY--PERSONAL NAME
Personal name Freeman, Harry
Dates associated with a name 1888-
9 (RLIN) 152684
245 10 - TITLE STATEMENT
Title Mathematics for actuarial students /
Statement of responsibility, etc. by Harry Freeman
250 ## - EDITION STATEMENT
Edition statement 1st ed.
260 ## - PUBLICATION, DISTRIBUTION, ETC. (IMPRINT)
Place of publication, distribution, etc. Cambridge :
Name of publisher, distributor, etc. Published for the Institute of Actuaries at the University Press,
Date of publication, distribution, etc. 1939 [reprinted 1952]
300 ## - PHYSICAL DESCRIPTION
Pagination 2 v.
Illustrations ill. ;
Size 22 cm.
500 ## - GENERAL NOTE
General note include index
505 0# - FORMATTED CONTENTS NOTE
Formatted contents note Vol-2 --pt.1, elementary differential & integral calculus pt. II. Finite differences, probability & elementary statistics.
650 #0 - SUBJECT ADDED ENTRY--TOPICAL TERM
Topical term or geographic name as entry element Insurance
General subdivision Mathematics.
9 (RLIN) 145042
942 ## - ADDED ENTRY ELEMENTS (KOHA)
Source of classification or shelving scheme Dewey Decimal Classification
Koha item type Books
Holdings
Lost status Source of classification or shelving scheme Damaged status Not for loan Collection code Permanent Location Current Location Shelving location Date acquired Source of acquisition Cost, normal purchase price Total Checkouts Full call number Date last seen Copy number Koha item type
  Dewey Decimal Classification     Non-fiction Central Library, University of Rajshahi Central Library, University of Rajshahi   26/01/1956 S+M 5.00   519.5 FRM Pt-2 1952 29/08/2016 C-2 Books
  Dewey Decimal Classification     Non-fiction Central Library, University of Rajshahi Central Library, University of Rajshahi   03/09/1951 P.L.D 17.14   519.5 FRM Pt-1 1951 29/08/2016 C-3 Books
  Dewey Decimal Classification     Non-fiction Central Library, University of Rajshahi Central Library, University of Rajshahi   04/09/1957 Zeitlinger 45.80   519.5 FRM Pt-2 1952 22/11/2016 C-4 Books
  Dewey Decimal Classification     Non-fiction Central Library, University of Rajshahi Central Library, University of Rajshahi   03/09/1957 Pub. limited 17.14   519.5 FRM Pt-1 1951 24/11/2016 C-2 Books
  Dewey Decimal Classification   Not For Loan Non-fiction Central Library, University of Rajshahi Central Library, University of Rajshahi Reading Room 04/09/1957 Pub United Ltd. 45.80   519.5 FRM Pt-2 1952 27/04/2017 C-1 Books